00339pab a2200121 454500008004000000100002200040245007300062260000900135300001300144362001000157650001600167773003400183180718b2010 xxu||||| |||| 00| 0 eng d aGhoshroy, Subrata aThe New START treaty: a real step towards disarmament or a dead end? c2010 ap.18-20. a1 May adisarmament aEconomic and Political Weekly